000 00720nam a2200205Ii 4500
003 JO-AjNU
008 230605s9999||||xx |||||||||||||| ||und||
040 _aJO-AjNU
_bara
_erda
_cJO-AjNU
041 _aara
050 1 4 _aQ180.2022
100 3 _aابراهيم، مروان عبد المجيد,
_eauthor
_962883
245 0 0 _aاسس البحث العلمي لإعداد الرسائل الجامعية
250 _aط1
264 3 1 _aعمان: مؤسسة الوراق للنشر والتوزيع، 2022
300 _a200ص
336 _atext
_btxt
_2rdacontent
337 _aunmediated
_bn
_2rdamedia
338 _avolume
_bnc
_2rdacarrier
650 4 _aالبحث العلمي-الرسائل الجامعية
_962884
999 _aA28496
_c32064
_d32064